| 000 | 00468cam a2200181ua 4500 | ||
|---|---|---|---|
| 041 |
_aeng _h |
||
| 082 |
_a551.+6 _bBAR/AT |
||
| 100 | _aBarry, Roger G . | ||
| 245 |
_aAtmosphere, weather and climate / _cRoger G Barry. _hTextual Documents |
||
| 250 |
_a4 / _b. |
||
| 260 |
_aLondon : _bEnglish Language Book Society , _c1985. |
||
| 300 | _a407 ; . | ||
| 500 | _a**Reference | ||
| 504 | _a | ||
| 700 | 1 | _aChorley, Richard J. | |
| 942 | _cBK | ||
| 999 |
_c9781 _d9781 |
||